• 首页
  • 本馆介绍
  • 公告通知
  • 最新文献
  • 馆藏检索
  • 电子资源
  • 读者导购
  • 参考咨询
  • 我的图书馆
  • 登录
  • 详细信息显示
  • 放入我的书架
  • 预约/预借图书
  • 作者相关作品
  • 分类相关作品
  • 丛书相关作品
  • 出版社相关作品

书目信息

  • 表格格式
  • 工作单格式
  • 卡片格式
题名:
明代拟话本作品赏析
    
 
作者: 曾庆全选析
分册:  
出版信息: 南宁   广西教育出版社  1989.12
页数: 150页
开本: 19cm
丛书名: 中国古典文学作品选析丛书
单 册:
中图分类: I242.3
科图分类:
主题词: 小说--中国
电子资源:
ISBN: 7-5435-0714-5
000 00662nam0 2200217 450
001 0655678812
005 20061111153003.09
010    @a7-5435-0714-5@dCNY1.65
100    @a20061111d1989 km y0chiy0120 ea
101 0  @achi
102    @aCN@b450000
200 1  @a明代拟话本作品赏析@Aming dai ni hua ben zuo pin shang xi@f曾庆全选析@Fceng qing quan xuan xi
210    @a南宁@c广西教育出版社@d1989.12
215    @a150页@d19cm
225 2  @a中国古典文学作品选析丛书
410  0 @12001 @a中国古典文学作品选析丛书
606 0  @a小说@x中国
690    @aI242.3@v3
701  0 @a曾庆全选析@Aceng qing quan xuan xi
801  0 @aCN@bPFT@c20061111
905    @a10447@dI242.3@e12
    
    明代拟话本作品赏析/曾庆全选析.-南宁:广西教育出版社,1989.12
    150页;19cm.-(中国古典文学作品选析丛书)
    
    
    ISBN 7-5435-0714-5:CNY1.65
    
●
相关链接 在E读中查询图书 在五车中查询图书 在当当中查询图书 在豆瓣中查询图书


正题名:明代拟话本作品赏析     索取号:I242.3/12         预约/预借

序号 登录号 条形码 馆藏地/架位号 状态 备注
1 0253280   000178435   第一样本阅览室/ [索取号:I242.3/12] 在馆    
唐山师范学院图书馆 欢迎您!
大连网信软件有限公司© 版权所有